The Mexican Muralists and Prints (Record no. 4097)

MARC details
000 -CABECERA
campo de control de longitud fija 01179nam a2200253 a 4500
001 - NÚMERO DE CONTROL
campo de control BRCA_4386
005 - FECHA Y HORA DE LA ÚLTIMA TRANSACCIÓN
campo de control 20190320204642.0
008 - DATOS DE LONGITUD FIJA--INFORMACIÓN GENERAL
campo de control de longitud fija 230710s1990----nyua######---#000-0#eng-#
041 ## - CÓDIGO DE LENGUA
Código de lengua del texto/banda sonora o título independiente eng
044 ## - CÓDIGO DEL PAÍS DE LA ENTIDAD EDITORA/PRODUCTORA
Código MARC del país nyu
050 #4 - SIGNATURA TOPOGRÁFICA DE LA BIBLIOTECA DEL CONGRESO
Número de clasificación ND2644.W5
Número de documento/Ítem .M49 1990
245 10 - MENCIÓN DE TÍTULO
Título The Mexican Muralists and Prints
Resto del título from the Collection of Reba and Dave Williams.
260 ## - PUBLICACIÓN, DISTRIBUCIÓN, ETC.
Lugar de publicación, distribución, etc. [Nueva York
Nombre del editor, distribuidor, etc. Spanish Institute
Fecha de publicación, distribución, etc. 1990]
300 ## - DESCRIPCIÓN FÍSICA
Extensión 44 p.
Otras características físicas il.
Dimensiones 30 cm.
500 ## - NOTA GENERAL
Nota general Catálogo de la exposición realizada en The Spanish Institute (Nueva York), 17 septiembre - 8 noviembre, 1990, en Alliance Capital Management (Nueva York), 17 noviembre - 15 diciembre, 1990 y en el Museo Franz Mayer (Ciudad de México), 6 febrero - 8 marzo, 1991
504 ## - NOTA DE BIBLIOGRAFÍA, ETC.
Nota de bibliografía, etc. Bibliografía: p. 43-44
600 14 - PUNTO DE ACCESO ADICIONAL DE MATERIA--NOMBRE DE PERSONA
Nombre de persona Williams, Reba
Subdivisión de forma Exposiciones
Subdivisión general Colecciones de arte
9 (RLIN) 11153
600 14 - PUNTO DE ACCESO ADICIONAL DE MATERIA--NOMBRE DE PERSONA
Nombre de persona Williams, Dave
Fechas asociadas al nombre 1932-
Subdivisión de forma Exposiciones
Subdivisión general Colecciones de arte
9 (RLIN) 11154
650 14 - PUNTO DE ACCESO ADICIONAL DE MATERIA--TÉRMINO DE MATERIA
Término de materia o nombre geográfico como elemento de entrada pintura mural
Subdivisión de forma Exposiciones
Subdivisión geográfica México
9 (RLIN) 11155
650 14 - PUNTO DE ACCESO ADICIONAL DE MATERIA--TÉRMINO DE MATERIA
Término de materia o nombre geográfico como elemento de entrada Grabados mexicanos
Subdivisión de forma Exposiciones
9 (RLIN) 11156
650 14 - PUNTO DE ACCESO ADICIONAL DE MATERIA--TÉRMINO DE MATERIA
Término de materia o nombre geográfico como elemento de entrada Grabados
Subdivisión de forma Exposiciones
Subdivisión cronológica Siglo XX
Subdivisión geográfica México
9 (RLIN) 11157
650 14 - PUNTO DE ACCESO ADICIONAL DE MATERIA--TÉRMINO DE MATERIA
Término de materia o nombre geográfico como elemento de entrada Grabados americanos
Subdivisión de forma Exposiciones
Subdivisión general Influencias extranjeras
9 (RLIN) 11158
942 ## - ELEMENTOS DE PUNTO DE ACCESO ADICIONAL (KOHA)
Fuente del sistema de clasificación o colocación Library of Congress Classification
Tipo de ítem Koha Libros
Holdings
Estado de retiro Estado de pérdida Estado dañado No para préstamo Localización permanente Ubicación/localización actual Fecha de adquisición Total de préstamos Signatura topográfica completa Código de barras Fecha visto por última vez Precio válido a partir de Tipo de ítem Koha
El ejemplar forma parte de la colección y puede ser consultado según las políticas vigentes.       Biblioteca del Museo Franz Mayer (Rogerio Casas-Alatriste) Biblioteca del Museo Franz Mayer (Rogerio Casas-Alatriste) 22/07/2010   ND2644.W5 .M49 1990 02197 22/03/2019 22/03/2019 Libros